LEADER 00873nam a2200217 i 4500 001 000000176696 003 CaOOAMICUS 005 20081216000000.0 008 081216s1941 it u000 u mul u 013 $a154185 040 $aSeMil$bita 245 10$aLivre 7., épigr. 364-748 /$ctraduit par Ed. Des Places ... [et al.]. 300 $a187 p. 490 0 $aCollection des Universités de France 700 1 $aDes Places, Édouard,$c.$0(OLS)http://semarc/name/9205 773 0 $tAnthologie grecque.$dParis : Les Belles Lettres, 1928.$w()20506 773 0 $tAnthologie palatine.$gTome5$w()20507 830 0$aCollection des Universités de France.$0(OLS)http://semarc/title/6036 850 $aSeMil 852 $aSeMil$W1$xVenegono$y1$m1Z I 99$j127516$B127516$CSeMilBibl$Z2$F137911 $81 996 $6245$aLivre 7., épigr. 364-748$9(OLS)http://semarc/title/253687 LEADER 00945nam a2200241 i 4500 001 000000116317 003 CaOOAMICUS 005 20151228000000.0 008 151228s1971 it u000 u ita u 013 $a89006 040 $aSeMil$bita 100 1 $aBattaglia, Salvatore,$d<1904-1971>.$0(OLS)http://semarc/name/3461 245 13$aLa grammatica italiana /$cS. Battaglia, V. Pernicone. 250 $a2. ed. migliorata, 6. rist. 260 $aTorino :$bLoescher,$c1971. 300 $aVIII, 628 p. ;$c22 cm. 650 4$aLingua inglese - Grammatica.$0(OLS)http://semarc/subject/16368 700 1 $aPernicone, Vincenzo.$0(OLS)http://semarc/name/37540 850 $aSeMil 852 $aSeMil$W1$xVenegono$y1$m1O III 211$j71787$B71787$CSeMilBibl$Z2$F75848 $81 961 $aLascito: Milani don Felice 996 $6245$aLa grammatica italiana$9(OLS)http://semarc/title/170579 996 $6260$aTorino :$bLoescher$9(OLS)http://semarc/publisher/30450